| 000 | 01102cam a2200361 a 4500 | ||
|---|---|---|---|
| 001 | 22635 | ||
| 003 | SK-KTurca | ||
| 005 | 20260408153210.0 | ||
| 008 | 240314s2012 xo g 000 f slo | ||
| 015 | _aSNBA2013/08 | ||
| 020 |
_a9788089482757 _q(viaz.) |
||
| 035 | _a29F89B61-03B8-4368-9BCA-527BB3976B77 | ||
| 035 | _aurn:nbn:sk:snk-amjmaz | ||
| 035 | _aurn:nbn:sk:snk-am0013pc | ||
| 040 |
_aPPPK _bslo _cPPPK _dSNK _eAACR2 |
||
| 041 | 1 |
_aslo _heng |
|
| 044 |
_axo _cSK |
||
| 072 | 7 |
_a821.111(73)-3 _xAmerická próza _2konspekt |
|
| 080 |
_a821.111(73)-31 _22001 |
||
| 080 |
_a( 0:82-312.4) _22001 |
||
| 100 | 1 |
_aLyons, CJ, _d1964- _4aut |
|
| 240 | 1 | 0 |
_aBlind faith _lSlovensky |
| 245 | 1 | 0 |
_aSlepá viera _cCJ Lyons ; [z anglického originálu preložila Lenka Loncová] |
| 250 | _a1. vyd. | ||
| 260 |
_aBratislava _bMotýľ _c2012 |
||
| 300 |
_a296 s. _c20 cm |
||
| 655 | 7 |
_aamerické romány _2SNKPH |
|
| 655 | 7 |
_atrilery (romány) _2SNKPH |
|
| 655 | 7 |
_aAmerican fiction _2SNKPHeng |
|
| 655 | 7 |
_aThrillers (novels) _2SNKPHeng |
|
| 700 | 1 |
_aLoncová, Lenka _4trl |
|
| 942 |
_2ddc _cKLDO _n0 |
||
| 999 |
_c22635 _d22635 |
||